000 00696cam a2200241 a 4500
001 13415804
005 20180208095124.0
008 031125s2004 ilua b 001 0 eng
010 _a 2003025833
020 _a0736040129 (soft cover)
040 _aDLC
_cDLC
_dDLC
041 _aeng
043 _an-us---
080 _a796.071273 RAN
082 0 0 _a796.071273 RAN
_222
100 1 _a45
101 _aEDU
245 1 0 _aSuccessful coaching /
_cRainer Martens.
504 _aIncludes bibliographical references and index.
906 _a7
_bcbc
_corignew
_d1
_eecip
_f20
_gy-gencatlg
942 _2ddc
_cBK
999 _c42194
_d42194